[Event "Pinneberg-ch 37th"]
[Site "Pinneberg"]
[Date "2019.09.12"]
[Round "6"]
[White "Meyer, Winfried"]
[Black "Hoffmeister, Wolfgang"]
[Result "1/2-1/2"]
[WhiteElo "1546"]
[BlackElo "1443"]
[PlyCount "95"]
[EventDate "2019.08.08"]
[EventType "swiss"]
[EventRounds "7"]
[EventCountry "GER"]
[SourceTitle "CBM 192 Extra"]
[Source "Chessbase"]
[SourceDate "2019.11.06"]
[SourceVersion "1"]
[SourceVersionDate "2019.11.06"]
[SourceQuality "1"]

1. e4 c5 2. Nf3 Nc6 3. d4 cxd4 4. Nxd4 e6 5. Nb5 Nf6 6. N1c3 Bc5 7. Nd6+ Bxd6 8. Qxd6 Qe7 9. Qg3 Nh5 10. Qf3 Nd4 11. Qd1 Qb4 12. a3 Qc5 13. Bd3 Qe5 14. Be3 Nf4 15. Bxd4 Qxd4 16. 0-0 0-0 17. Qf3 Qf6 18. Rae1 e5 19. Kh1 d6 20. g3 Nxd3 21. Qxf6 gxf6 22. cxd3 Bh3 23. Rg1 a6 24. g4 h5 25. gxh5+ Kh7 26. Nd5 f5 27. Re3 Bg4 28. Nf6+ Kh6 29. Nxg4+ fxg4 30. Rxg4 Rg8 31. Reg3 Rxg4 32. Rxg4 Kxh5 33. Rg7 Rf8 34. Kg2 Kh6 35. Rg3 Rc8 36. b4 b5 37. Rf3 Kg6 38. Rg3+ Kh6 39. h3 Rc3 40. d4 exd4 41. Kf1 d3 42. Ke1 Rxa3 43. Kd2 Rb3 44. Rxd3 Rxb4 45. Rxd6+ Kg5 46. Rxa6 Rxe4 47. Rb6 b4 48. Rb7 1/2-1/2